Max Mustermann in anderen Ländern - Statistiken

Allgemein
  • Dieses Quiz wurde 133 mal gespielt
  • Das Durchschnittsergebnis liegt bei 11 aus 15
Antwortstatistiken
Hint Antwort % Korrekt
Jean Dupont Frankreich
97%
Mario Rossi Italien
95%
Manuel Dos Santos Portugal
95%
Iwan Iwanow Russland
86%
Kalle Svensson Schweden
84%
Matti Meikäläinen Finnland
79%
Jan Kowalski Polen
78%
Pero Perić Kroatien
75%
Ola Nordmann Norwegen
67%
Giannis Tade Griechenland
66%
Jožko Mrkvička Slowakei
66%
Kovács János Ungarn
66%
Joe Bloggs Vereinigtes Königreich
58%
Seán Citizen Irland
55%
Jan Janssen Niederlande
30%
Keine übereinstimmenden Quizze gefunden
Verteilung der Resultate
Anzahl Personen mit jedem Resultat
Perzentil nach korrekt beantworteten Fragen
Ihre Resultats-Entwicklung
Sie haben dieses Quiz noch nicht gespielt